000 00215nam a2200109Ia 4500
100 _a#N/A
942 _cBK
654 _aHTML 4
245 _aHTML 4 FOR DUMMIES
260 _bCOMDEX COMPUTER PUBL.
546 _aENGLISH
999 _c22336
_d22336